| 000 | 00401nam a22001577a 4500 | ||
|---|---|---|---|
| 003 | BD-DhUIB | ||
| 005 | 20251012173502.0 | ||
| 008 | 251012b |||||||| |||| 00| 0 eng d | ||
| 040 |
_aBD-DhUIB _cBD-DhUIB |
||
| 050 | _a658.8 | ||
| 082 | _222 | ||
| 100 |
_aHossain Muhammad Ismail. _9986 |
||
| 245 |
_aMarketing in a transition economy/ _cby Ismail Hossain Muhammad. |
||
| 526 | _aBBA. | ||
| 942 |
_2ddc _cBK |
||
| 999 |
_c525 _d525 |
||